Źle podpisane państwa Afryki - Statystyki

Ogólne statystyki
  • Ten quiz został rozwiązany 101 razy
  • Średni wynik to 18 z 21
Odpowiedzi na mapie
Odpowiedzi zakodowano w zielono-czerwonej skali na mapie do tego quizu, zgodnie z poniższymi procentami.
 
Statystyki odpowiedzi
Źle podpisane pańśtwo % Poprawnych
Lesotho
96%
Etiopia
95%
Angola
94%
Sudan
94%
Republika Środkowo Afrykańska
93%
Kongo
92%
Zambia
91%
Mali
89%
Mozambik
89%
Dżibuti
88%
Malawi
88%
Benin
87%
Gabon
86%
Gwinea Równikowa
86%
Rwanda
86%
Uganda
86%
Liberia
82%
Sierra Leone
82%
Kamerun
81%
Mauretania
78%
Wyspy Świętego Tomasza i Książęca
73%
Nie znaleziono quizów pasujących do podanych kryteriów
Rozkład punktacji
Procent ludzi z każdym wynikiem
Percentyl według liczby udzielonych odpowiedzi
Twoja historia wyników
Nie rozwiązałeś tego quizu